Beznadziejnie Narysowane Kształty państw Świata #2 - Statystyki

Ogólne statystyki
  • Ten quiz został rozwiązany 55 razy
  • Średni wynik to 11 z 16
Statystyki odpowiedzi
Obrazkowy Odpowiedź % Poprawnych
Włochy
95%
Egipt
93%
Japonia
91%
Filipiny
84%
Finlandia
84%
Łotwa
84%
Sri Lanka
79%
Watykan
77%
Gambia
63%
Gwinea Równikowa
60%
Jamajka
60%
Liechtenstein
56%
Dżibuti
40%
Gujana
37%
Nauru
33%
Gwinea Bissau
28%
Nie znaleziono quizów pasujących do podanych kryteriów
Rozkład punktacji
Procent ludzi z każdym wynikiem
Percentyl według liczby udzielonych odpowiedzi
Twoja historia wyników
Nie rozwiązałeś tego quizu